Challenges for international professional practice; (Record no. 122052)

MARC details
000 -LEADER
fixed length control field 00754nam a22002417a 4500
008 - FIXED-LENGTH DATA ELEMENTS--GENERAL INFORMATION
fixed length control field 241105s2012 xxk|||||r|||| 00| 0 eng d
041 ## - LANGUAGE CODE
Language code of text/sound track or separate title eng
110 ## - MAIN ENTRY--CORPORATE NAME
Corporate author Royal Institution of Chartered Surveyors
245 ## - TITLE STATEMENT
Title Challenges for international professional practice;
Subtitle from market value to natural value
260 ## - PUBLICATION INFORMATION
Place of publication London,
Publisher Royal Institution of Chartered Surveyors,
Date September 2012
300 ## - PHYSICAL DESCRIPTION
Physical description 17p.
490 ## - SERIES TITLE
Series statement RICS Thought Leadership
650 ## - KEYWORDS
Keywords LAND
651 ## - SUBJECT ADDED ENTRY--GEOGRAPHIC NAME
Geographic name International
690 ## - BROAD SUBJECT
Broad subject Land use
9 (RLIN) 6251
700 ## - ADDED PERSONAL NAME
Added personal author Cowap, Charles
700 ## - ADDED PERSONAL NAME
Added personal author Kavanagh, James
700 ## - ADDED PERSONAL NAME
Added personal author Mannix, Fiona
700 ## - ADDED PERSONAL NAME
Added personal author Mooney, Rebecca
700 ## - ADDED PERSONAL NAME
Added personal author Tracey-White, John
710 ## - ADDED CORPORATE NAME
Added corporate author Royal Institution of Chartered Surveyors
942 ## - ADDED ENTRY ELEMENTS (KOHA)
Suppress in OPAC Do not suppress in OPAC
Holdings
Lost status Damaged status Not for loan Current library Shelving location Date acquired Total Checkouts Full call number Date last seen Price effective from Koha item type
      Archives RICS Boxes 05/11/2024   RICS 2012/37 05/11/2024 05/11/2024 Book